00743 2200241 4500001002100000005001500021035002000036245009500056100002400151250001000175300003300185700002100218700001400239700002600253260008100279082001200360084001800372020002200390650001500412650001900427008004100446990001400487INLIS00000000000201120260413101640 a0010-04260000101 aPendidikan Antikorupsi dalam Mata Kuliah Pendidikan Kewarganegaraan /cDikdik Baehaqi Arif0 aDikdik Baehaqi Arif aCet I a124 hlm. :bilus. ;c23,6 cm0 aSyifa Siti Aulia0 aSupriyadi0 aAnom Wahyu Asmorojati aJakarta Selatan :bDirektorat Pendidikan dan Pelayanan Masyarakat KPK,c2019 a370.114 a370.114 DIK p a978-602-52387-6-5 4aPendidikan 4aKarakter nilai260413 0 ind  a202600035